000 00997nam a2200301 i 4500
003 EG-GICUC
005 20260121101450.0
008 251210s1943 fr |||fr|||| 000 0 fre d
040 _a EG-GICUC
_bfre
_c EG-GICUC
_d EG-GICUC
_erda
082 0 4 _221
_a341.3
_bPO . M
099 _aLaw1 11 341.3 PO . M 1943
100 1 _aPolitis N.,
_eAuteur
245 1 _aLa Morale internationale /
_cN. Politis.
264 1 _aNeuchâtel :
_bÉditions de la Baconnière,
_c1943.
300 _a152 pages ;
_c24 cm.
336 _2rda content
_atext
337 _2rda media
_aComputer
338 _2rda carrier
_aOnline Resource
490 0 _a L’Évolution du monde et des idées
504 _aBibliographic references
546 _aTexte en français
650 1 4 _aRelations internationales
_2qrmak
_xDroit international public
650 1 4 _aMorale internationale
651 1 _2qrmak
856 4 0 _uhttps://fll.law.cu.edu.eg/fulltext/bks/B11-05441.pdf
905 _a75
_eHassnaa
942 _2ddc
_cBK
_e21
_n0
999 _c49720
_d49720